Central Library OPAC University of Rajshahi

Reinforcement : (Record no. 31293)

MARC details
000 -LEADER
fixed length control field 00748nam a22002297a 4500
001 - CONTROL NUMBER
control field 31293
003 - CONTROL NUMBER IDENTIFIER
rucl marc code BD-RjUL
005 - DATE AND TIME OF LATEST TRANSACTION
control field 20211209051701.0
008 - FIXED-LENGTH DATA ELEMENTS--GENERAL INFORMATION
fixed length control field 140415s1961 nyua|||| |||| 00| 0 eng d
035 ## - SYSTEM CONTROL NUMBER
System control number (BD-RjUL)31380
040 ## - CATALOGING SOURCE
Original cataloging agency BD-RjUL
Language of cataloging eng
Transcribing agency BD-RjUL
Modifying agency BD-RjUL
041 ## - LANGUAGE CODE
Language code of text/sound track or separate title eng
082 04 - DEWEY DECIMAL CLASSIFICATION NUMBER
Classification number 153.15
Author mark and year REI 1961
245 #0 - TITLE STATEMENT
Title Reinforcement :
Remainder of title an enduring problem in psychology selected readings /
Statement of responsibility, etc. edited by Robert Charles Birney; Richard Collier Teevan
260 ## - PUBLICATION, DISTRIBUTION, ETC. (IMPRINT)
Place of publication, distribution, etc. New York :
Name of publisher, distributor, etc. Van Nostrand,
Date of publication, distribution, etc. 1961.
300 ## - PHYSICAL DESCRIPTION
Pagination 230 p. :
Illustrations illus. ;
Size 18 cm.
490 ## - SERIES STATEMENT
Series statement Insight books
Volume/sequential designation no.3.
650 #0 - SUBJECT ADDED ENTRY--TOPICAL TERM
Topical term or geographic name as entry element Reinforcement (Psychology)
9 (RLIN) 5068
700 1# - ADDED ENTRY--PERSONAL NAME
Personal name Birney, Robert Charles
Personal name Teevan, Richard Collier
942 ## - ADDED ENTRY ELEMENTS (KOHA)
Source of classification or shelving scheme Dewey Decimal Classification
Koha item type Books
Holdings
Lost status Source of classification or shelving scheme Damaged status Not for loan Collection code Permanent Location Current Location Shelving location Date acquired Source of acquisition Cost, normal purchase price Total Checkouts Full call number Date last seen Copy number Koha item type
  Dewey Decimal Classification     Non-fiction Central Library, University of Rajshahi Central Library, University of Rajshahi   23/09/1965 Zeitlinger 11.00   153.15 REI 1961 15/04/2014 C-5 Books
  Dewey Decimal Classification     Non-fiction Central Library, University of Rajshahi Central Library, University of Rajshahi   26/01/1965 Zeitlinger 12.00   153.15 REI 1961 15/04/2014 C-2 Books
  Dewey Decimal Classification     Non-fiction Central Library, University of Rajshahi Central Library, University of Rajshahi   23/09/1965 Zeitlinger 11.00   153.15 REI 1961 15/04/2014 C-4 Books
  Dewey Decimal Classification     Non-fiction Central Library, University of Rajshahi Central Library, University of Rajshahi   23/09/1965 Zeitlinger 11.00   153.15 REI 1961 15/04/2014 C-3 Books